[Event "11th LCC Super Blitz KO 2019"]
[Site "London"]
[Date "2019.12.08"]
[Round "1.2"]
[White "Dong, Bao Nghia"]
[Black "Wallace, John Paul"]
[Result "0-1"]
[WhiteElo "2217"]
[BlackElo "2344"]
[Annotator "TA"]
[PlyCount "48"]
[EventDate "2019.12.08"]
[EventType "k.o."]
[EventCountry "ENG"]
[SourceTitle "playchess.com"]
[Source "ChessBase"]
[SourceQuality "1"]

{[%evp 9,68,14,4,-42,-42,-49,-35,-82,-53,-49,-43,-54,-33,-61,-39,-61,-50,-56,-42,-86,-81,-65,-49,-91,-87,-75,-79,-75,-81,-107,-81,-166,-149,-779,-786,-754,-684,-1862,-1884,-1714,-1334,-1586,-1583,-29985,-29986,-29986,-29987,-29990,-29991,-29991,-29989,-29989,-29990,-29990,-29991,-29991,-29992,-29992,-29989,-29989,-29988]} 1. d4 d6 2. Nf3 Nd7 3. h3 (3. c4 e5 4. Nc3 Ngf6 5. g3 Be7 6. Bg2 O-O 7. O-O Re8 8. h3 c6 9. e4 a5 10. Be3 Bf8 11. Qc2 h6 12. Rfe1 Nh7 13. Rad1 Qc7 14. b3 Ndf6 15. Kh2 g5 16. Na4 g4 17. Nh4 {½-½ (48) Grachev,B (2673)-Motylev,A (2686) Moscow 2014}) 3... e5 4. dxe5 dxe5 5. e4 Ngf6 6. Bg5 {A41: 1 d4 d6: Tartakower System and Modern Defence} h6 $146 ({Predecessor:} 6... c6 7. Bc4 Be7 8. Nc3 O-O 9. O-O b5 {0-1 (27) Ullrich,M (2108)-Janoschka,A (2253) Germany 2005}) 7. Bxf6 Qxf6 8. a3 {Black is slightly better.} c6 9. Nbd2 Bc5 10. Nb3 Bb6 11. Bc4 Nf8 12. Qe2 Ng6 {Hoping for ...Nf4.} 13. g3 a5 {[%cal Ba7a5,Ba5a4][%mdl 32]} 14. O-O-O a4 15. Nbd2 Bc5 16. Nf1 {[#]} O-O $1 17. Ne3 b5 18. Ba2 b4 19. axb4 Bxb4 20. Ng4 {[#]} (20. c3 $17 {was called for.} Bc5 21. Nd2) 20... Qe7 $1 $19 21. Qc4 $2 {[%mdl 8192]} (21. Nd2 $17) 21... Be6 22. Qxc6 Rfc8 23. Bxe6 Rxc6 24. Bd5 {[#]} a3 {Played: Qe7-c5} 0-1

[Event "11th LCC Super Blitz KO 2019"]
[Site "London"]
[Date "2019.12.08"]
[Round "1.2"]
[White "Mitra, Roman C"]
[Black "Vocaturo, Daniele"]
[Result "0-1"]
[WhiteElo "2132"]
[BlackElo "2627"]
[Annotator "ChessBase"]
[PlyCount "86"]
[EventDate "2019.12.08"]
[EventType "k.o."]
[EventCountry "ENG"]
[SourceTitle "playchess.com"]
[Source "ChessBase"]
[SourceQuality "1"]
[TimeControl "180+2"]

1. g3 {[%emt 0:00:00]} Nf6 {[%emt 0:00:00]} 2. Bg2 {[%emt 0:00:01]} d5 {[%emt 0:00:01]} 3. Nf3 {[%emt 0:00:01]} g6 {[%emt 0:00:01]} 4. b3 {[%emt 0:00:01]} Bg7 {[%emt 0:00:02]} 5. Bb2 {[%emt 0:00:01]} O-O {[%emt 0:00:02]} 6. c4 {[%emt 0:00:02]} Nc6 {[%emt 0:00:02]} 7. cxd5 {[%emt 0:00:02]} Nxd5 {[%emt 0:00:01]} 8. Bxg7 {[%emt 0:00:02]} Kxg7 {[%emt 0:00:01]} 9. O-O {[%emt 0:00:04]} e5 {[%emt 0:00:04]} 10. d3 {[%emt 0:00:01]} Bg4 {[%emt 0:00:07]} 11. h3 {[%emt 0:00:08]} Be6 {[%emt 0:00:01]} 12. Qc2 {[%emt 0:00:11]} Qd7 {[%emt 0:00:39]} 13. Qb2 {[%emt 0:00:12]} f6 {[%emt 0:00:01]} 14. Kh2 {[%emt 0:00:01]} a5 {[%emt 0:00:06]} 15. a3 {[%emt 0:00:03]} Nde7 {[%emt 0:00:05]} 16. Nbd2 {[%emt 0:00:03]} Nf5 {[%emt 0:00:02]} 17. Ne4 {[%emt 0:00:02]} b6 {[%emt 0:00:02]} 18. b4 {[%emt 0:00:09]} Ncd4 {[%emt 0:00:06]} 19. Rfd1 {[%emt 0:00:35]} Bd5 {[%emt 0:00:13]} 20. e3 {[%emt 0:00:17]} Nxf3+ {[%emt 0:00:02]} 21. Bxf3 {[%emt 0:00:02]} h5 {[%emt 0:00:07]} 22. h4 {[%emt 0:00:29]} Rf7 {[%emt 0:00:03]} 23. Qc3 {[%emt 0:00:07]} Kh7 {[%emt 0:00:21]} 24. Rdc1 {[%emt 0:00:08]} Ng7 {[%emt 0:00:15]} 25. Rc2 {[%emt 0:00:17]} Ne6 {[%emt 0:00:03]} 26. Rac1 {[%emt 0:00:09]} axb4 {[%emt 0:00:02]} 27. axb4 {[%emt 0:00:02]} Rd8 {[%emt 0:00:08]} 28. Rd2 {[%emt 0:00:11]} Ba8 {[%emt 0:00:11]} 29. Rcd1 {[%emt 0:00:03]} Kh6 {[%emt 0:00:08]} 30. Qc1 {[%emt 0:00:05]} Kg7 {[%emt 0:00:03]} 31. Qc3 {[%emt 0:00:01]} Kg8 {[%emt 0:00:07]} 32. Bg2 {[%emt 0:00:02]} f5 {[%emt 0:00:20]} 33. Ng5 {[%emt 0:00:02]} Nxg5 {[%emt 0:00:02]} 34. Bxa8 {[%emt 0:00:05]} Rxa8 {[%emt 0:00:01]} 35. hxg5 {[%emt 0:00:01]} Re8 {[%emt 0:00:08]} 36. f4 {[%emt 0:00:09]} exf4 {[%emt 0:00:03]} 37. exf4 {[%emt 0:00:02]} h4 {[%emt 0:00:04]} 38. Qc4 {[%emt 0:00:14]} b5 {[%emt 0:00:03]} 39. Qb3 {[%emt 0:00:02]} hxg3+ {[%emt 0:00:03]} 40. Kxg3 {[%emt 0:00:01]} Re3+ {[%emt 0:00:01]} 41. Kg2 {[%emt 0:00:02]} Qc6+ {[%emt 0:00:03]} 42. Kg1 {[%emt 0:00:02]} Rg3+ {[%emt 0:00:04]} 43. Kh2 {[%emt 0:00:02]} Qf3 {[%emt 0:00:01]} 0-1

[Event "11th LCC Super Blitz KO 2019"]
[Site "London"]
[Date "2019.12.08"]
[Round "1.2"]
[White "Tanmay Chopra"]
[Black "Gharamian, Tigran"]
[Result "0-1"]
[WhiteElo "2100"]
[BlackElo "2603"]
[Annotator "ChessBase"]
[PlyCount "81"]
[EventDate "2019.12.08"]
[EventType "k.o."]
[EventCountry "ENG"]
[SourceTitle "playchess.com"]
[Source "ChessBase"]
[SourceQuality "1"]
[TimeControl "180+2"]

1. d4 {[%emt 0:00:00]} Nf6 {[%emt 0:00:00]} 2. c4 {[%emt 0:00:00]} e6 {[%emt 0:00:00]} 3. Nc3 {[%emt 0:00:00]} Bb4 {[%emt 0:00:00]} 4. Qc2 {[%emt 0:00:01]} d5 {[%emt 0:00:02]} 5. cxd5 {[%emt 0:00:03]} Qxd5 {[%emt 0:00:02]} 6. Nf3 {[%emt 0:00:07]} Qf5 {[%emt 0:00:01]} 7. Qxf5 {[%emt 0:00:23]} exf5 {[%emt 0:00:01]} 8. Bf4 {[%emt 0:00:12]} c6 {[%emt 0:00:01]} 9. a3 {[%emt 0:00:13]} Be7 {[%emt 0:00:04]} 10. h3 {[%emt 0:00:04]} Be6 {[%emt 0:00:05]} 11. e3 {[%emt 0:00:02]} Nbd7 {[%emt 0:00:04]} 12. Bd3 {[%emt 0:00:01]} h6 {[%emt 0:00:08]} 13. b4 {[%emt 0:00:10]} O-O {[%emt 0:00:05]} 14. Ne5 {[%emt 0:00:24]} Nxe5 {[%emt 0:00:07]} 15. Bxe5 {[%emt 0:00:01]} Nd7 {[%emt 0:00:01]} 16. Bf4 {[%emt 0:00:02]} Nb6 {[%emt 0:00:09]} 17. O-O {[%emt 0:00:04]} Rfc8 {[%emt 0:00:06]} 18. Rfc1 {[%emt 0:00:03]} f6 {[%emt 0:00:18]} 19. h4 {[%emt 0:00:17]} g5 {[%emt 0:00:01]} 20. Bg3 {[%emt 0:00:01]} Kf7 {[%emt 0:00:04]} 21. f3 {[%emt 0:00:03]} Rd8 {[%emt 0:00:13]} 22. Ne2 {[%emt 0:00:08]} Nd5 {[%emt 0:00:10]} 23. Bf2 {[%emt 0:00:01]} a6 {[%emt 0:00:14]} 24. e4 {[%emt 0:00:13]} fxe4 {[%emt 0:00:05]} 25. fxe4 {[%emt 0:00:01]} Nc7 {[%emt 0:00:04]} 26. Be3 {[%emt 0:00:01]} Nb5 {[%emt 0:00:15]} 27. hxg5 {[%emt 0:00:33]} hxg5 {[%emt 0:00:01]} 28. Rf1 {[%emt 0:00:01]} Kg7 {[%emt 0:00:02]} 29. a4 {[%emt 0:00:23]} Nd6 {[%emt 0:00:01]} 30. Rab1 {[%emt 0:00:01]} Nc4 {[%emt 0:00:18]} 31. Bc1 {[%emt 0:00:05]} b5 {[%emt 0:00:01]} 32. axb5 {[%emt 0:00:11]} axb5 {[%emt 0:00:01]} 33. d5 {[%emt 0:00:01]} cxd5 {[%emt 0:00:36]} 34. Nd4 {[%emt 0:00:01]} Bf7 {[%emt 0:00:03]} 35. exd5 {[%emt 0:00:10]} Bxd5 {[%emt 0:00:10]} 36. Nxb5 {[%emt 0:00:02]} Ne5 {[%emt 0:00:06]} 37. Be2 {[%emt 0:00:02]} Be4 {[%emt 0:00:04]} 38. Rb2 {[%emt 0:00:03]} Rab8 {[%emt 0:00:07]} 39. Be3 {[%emt 0:00:02]} Bd3 {[%emt 0:00:04]} 40. Nc3 {[%emt 0:00:04]} Nc4 {[%emt 0:00:03]} 41. Bxd3 {[%emt 0:00:06]} 0-1

[Event "11th LCC Super Blitz KO 2019"]
[Site "London"]
[Date "2019.12.08"]
[Round "1.3"]
[White "Jones, Gawain C B"]
[Black "Gordon, Stephen J"]
[Result "1-0"]
[WhiteElo "2683"]
[BlackElo "2495"]
[Annotator "TA"]
[PlyCount "112"]
[EventDate "2019.12.08"]
[EventType "k.o."]
[EventCountry "ENG"]
[SourceTitle "playchess.com"]
[Source "ChessBase"]
[SourceQuality "1"]

{[%evp 9,112,14,36,-37,12,0,5,0,0,0,2,0,4,4,4,0,16,17,18,13,25,2,0,-18,-32,-27,-28,-12,-17,-74,-70,-67,161,154,177,180,195,173,124,44,36,16,25,-256,-235,-214,-219,-289,0,0,0,0,36,36,36,36,36,36,36,36,36,36,36,36,36,36,61,36,62,62,64,47,61,47,133,123,123,26,1127,1053,1574,1539,1435,1423,1351,1351,29947,12533,5085,2011,5732,4979,29960,29963,29948,29953,29967,29967,29964,29962,29958,29966,29980,29981,29983]} 1. e4 c5 2. Nf3 d6 3. Bb5+ Nd7 4. Ba4 (4. c3 Ngf6 5. Bd3 e6 6. O-O b6 7. Bc2 Bb7 8. Re1 Be7 9. d4 O-O 10. Nbd2 cxd4 11. cxd4 Rc8 12. Nf1 d5 {0-1 (20) Vachier Lagrave,M (2774)-Wei,Y (2721) chess.com INT 2019}) 4... Ngf6 5. O-O e6 6. c4 {B51: Sicilian: Moscow Variation (3 Bb5+) without 3...Bd7} ({Better is} 6. Re1 $14) 6... Be7 7. Nc3 O-O 8. d3 {The position is equal.} a6 9. h3 b6 $146 ({Predecessor:} 9... Qc7 10. Bf4 b6 11. Qe2 Bb7 {½-½ (32) Paehtz,E (2479)-Sebag,M (2450) Skolkovo 2019}) 10. Qe2 Bb7 11. Rb1 Qc7 12. a3 Bc6 13. Bxc6 Qxc6 14. b4 Rfb8 15. Bd2 b5 16. Rfc1 bxc4 17. dxc4 cxb4 18. axb4 Rc8 19. Nd4 (19. Qe1 $11 {keeps the balance.}) 19... Qxc4 $17 20. Qe3 Qc7 $2 {[#]} (20... Ne5 $15 {keeps the upper hand.}) 21. Nd5 $1 $18 {[%cal Rd5c7][%mdl 512]} Nxd5 (21... exd5 22. Rxc7) 22. exd5 Qb7 23. dxe6 Ne5 24. Qg3 (24. b5 $16) 24... Bf6 $14 25. Rxc8+ Rxc8 26. Nf5 $2 {[%mdl 8192]} (26. Bg5 $11 Bxg5 27. Qxg5) 26... Qe4 $19 {[%mdl 64] Double Attack} 27. Nh6+ {[#]} Kf8 $1 28. Re1 {[#]} Qg6 $2 (28... Qd5 $1 $19 {[%cal Rd5d2]} 29. Be3 gxh6 30. Bxh6+ Ke7) 29. Ng4 $11 fxe6 30. Bf4 h5 31. Nxf6 Qxg3 32. Nh7+ Kg8 33. Bxg3 Kxh7 34. Bxe5 dxe5 35. Rxe5 $14 {[%mdl 4160] Endgame Double Attack. KR-KR} g6 36. Rxe6 Rc1+ 37. Kh2 Rb1 38. Rb6 Kg7 39. Kg3 Rb2 40. Kf3 Kf7 41. g3 Kg7 (41... g5 $14) 42. h4 $16 Kf7 43. Kf4 (43. Ke3 $16) 43... Kg7 $2 {[%mdl 8192]} (43... Rxf2+ $11 44. Kg5 Rf3) 44. Kg5 $18 Rxf2 45. Rxg6+ Kf7 46. Rxa6 Rf3 47. Kxh5 Rxg3 48. Ra7+ (48. b5 $142 Rb3 49. Rb6 Rd3 50. Rg6 Rd5+ 51. Rg5 Rd6 52. Rc5 Rf6 53. Kg5) 48... Kf6 49. b5 Rg1 50. Ra6+ Kf7 51. Rc6 {White mates.} Rb1 52. Rc5 Rg1 53. Rf5+ Ke7 54. Rg5 Rb1 55. Kg6 Ke6 56. h5 Ke7 {Accuracy: White = 45%, Black = 38%.} 1-0

[Event "11th LCC Super Blitz KO 2019"]
[Site "London"]
[Date "2019.12.08"]
[Round "1.3"]
[White "McShane, Luke J"]
[Black "Clarke, Brandon G I"]
[Result "1-0"]
[WhiteElo "2677"]
[BlackElo "2437"]
[Annotator "ChessBase"]
[PlyCount "91"]
[EventDate "2019.12.08"]
[EventType "k.o."]
[EventCountry "ENG"]
[SourceTitle "playchess.com"]
[Source "ChessBase"]
[SourceQuality "1"]
[TimeControl "180+2"]

1. e4 {[%emt 0:00:00]} c5 {[%emt 0:00:00]} 2. Nf3 {[%emt 0:00:00]} d6 {[%emt 0:00:00]} 3. d4 {[%emt 0:00:00]} cxd4 {[%emt 0:00:00]} 4. Nxd4 {[%emt 0:00:00]} Nf6 {[%emt 0:00:00]} 5. f3 {[%emt 0:00:00]} e5 {[%emt 0:00:00]} 6. Nb3 a5 7. c4 {[%emt 0:00:00]} a4 {[%emt 0:00:00]} 8. N3d2 {[%emt 0:00:00]} Be6 {[%emt 0:00:00]} 9. Nc3 {[%emt 0:00:00]} Qa5 {[%emt 0:00:00]} 10. Rb1 {[%emt 0:00:00]} Be7 {[%emt 0:00:00]} 11. Be2 {[%emt 0:00:00]} Nc6 {[%emt 0:00:00]} 12. O-O {[%emt 0:00:00]} Nd4 {[%emt 0:00:00]} 13. Bd3 {[%emt 0:00:00]} O-O {[%emt 0:00:00]} 14. Kh1 {[%emt 0:00:00]} Nh5 {[%emt 0:00:02]} 15. g3 {[%emt 0:00:00]} g6 {[%emt 0:00:04]} 16. Rf2 {[%emt 0:00:00]} Qa7 {[%emt 0:00:03]} 17. Nf1 {[%emt 0:00:00]} f5 {[%emt 0:00:16]} 18. exf5 {[%emt 0:00:00]} gxf5 {[%emt 0:00:02]} 19. Be3 {[%emt 0:00:00]} Bd8 {[%emt 0:00:18]} 20. Nb5 {[%emt 0:00:00]} Qc5 {[%emt 0:00:09]} 21. Nxd4 {[%emt 0:00:00]} exd4 {[%emt 0:00:03]} 22. Bh6 {[%emt 0:00:00]} Re8 {[%emt 0:00:06]} 23. Nd2 {[%emt 0:00:00]} Bf6 {[%emt 0:00:12]} 24. Qf1 {[%emt 0:00:00]} Kh8 {[%emt 0:00:05]} 25. Re1 {[%emt 0:00:07]} Bd7 {[%emt 0:00:03]} 26. Rfe2 {[%emt 0:00:06]} Rxe2 {[%emt 0:00:06]} 27. Rxe2 {[%emt 0:00:04]} Be5 {[%emt 0:00:13]} 28. Qh3 {[%emt 0:00:07]} Ng7 {[%emt 0:00:08]} 29. Bg5 {[%emt 0:00:09]} Rf8 {[%emt 0:00:48]} 30. f4 {[%emt 0:00:03]} Bf6 {[%emt 0:00:09]} 31. Bxf6 {[%emt 0:00:03]} Rxf6 {[%emt 0:00:03]} 32. Qh4 {[%emt 0:00:02]} Rf8 {[%emt 0:00:11]} 33. Qe7 {[%emt 0:00:10]} Bc6+ {[%emt 0:00:03]} 34. Kg1 {[%emt 0:00:04]} Re8 {[%emt 0:00:02]} 35. Qf7 {[%emt 0:00:10]} Rg8 {[%emt 0:00:20]} 36. Rf2 {[%emt 0:00:30]} Qb4 {[%emt 0:00:03]} 37. Qf6 {[%emt 0:00:05]} Qxb2 {[%emt 0:00:06]} 38. Qxd6 {[%emt 0:00:08]} Qc1+ {[%emt 0:00:03]} 39. Bf1 {[%emt 0:00:05]} Qc3 {[%emt 0:00:06]} 40. Qf6 {[%emt 0:00:04]} Qe3 {[%emt 0:00:04]} 41. c5 {[%emt 0:00:10]} Re8 {[%emt 0:00:03]} 42. Nc4 {[%emt 0:00:07]} Qe4 {[%emt 0:00:05]} 43. Rg2 {[%emt 0:00:04]} d3 {[%emt 0:00:05]} 44. Nd6 {[%emt 0:00:04]} Qe3+ {[%emt 0:00:03]} 45. Rf2 {[%emt 0:00:03]} Ra8 {[%emt 0:00:19]} 46. Qxg7+ {[%emt 0:00:03]} 1-0

[Event "11th LCC Super Blitz KO 2019"]
[Site "London"]
[Date "2019.12.08"]
[Round "1.3"]
[White "Vocaturo, Daniele"]
[Black "Mitra, Roman C"]
[Result "1/2-1/2"]
[WhiteElo "2627"]
[BlackElo "2132"]
[Annotator "ChessBase"]
[PlyCount "113"]
[EventDate "2019.12.08"]
[EventType "k.o."]
[EventCountry "ENG"]
[SourceTitle "playchess.com"]
[Source "ChessBase"]
[SourceQuality "1"]
[TimeControl "180+2"]

1. e4 {[%emt 0:00:00]} c6 {[%emt 0:00:01]} 2. d4 {[%emt 0:00:01]} g6 {[%emt 0:00:01]} 3. Nf3 {[%emt 0:00:05]} d5 {[%emt 0:00:02]} 4. Nc3 {[%emt 0:00:02]} Bg4 {[%emt 0:00:03]} 5. h3 {[%emt 0:00:05]} Bxf3 {[%emt 0:00:03]} 6. Qxf3 {[%emt 0:00:02]} dxe4 {[%emt 0:00:03]} 7. Qxe4 {[%emt 0:00:02]} Nf6 {[%emt 0:00:04]} 8. Qd3 {[%emt 0:00:02]} Bg7 {[%emt 0:00:05]} 9. Be2 {[%emt 0:00:03]} O-O {[%emt 0:00:02]} 10. O-O {[%emt 0:00:04]} Nbd7 {[%emt 0:00:03]} 11. Bf4 {[%emt 0:00:03]} Nb6 {[%emt 0:00:02]} 12. Rad1 {[%emt 0:00:23]} Nbd5 {[%emt 0:00:10]} 13. Nxd5 {[%emt 0:00:03]} cxd5 {[%emt 0:00:04]} 14. Qb3 {[%emt 0:00:07]} Qd7 {[%emt 0:00:13]} 15. Rfe1 {[%emt 0:00:02]} a6 {[%emt 0:00:04]} 16. a4 {[%emt 0:00:07]} Rfc8 {[%emt 0:00:02]} 17. c3 {[%emt 0:00:07]} e6 {[%emt 0:00:14]} 18. h4 {[%emt 0:00:13]} h5 {[%emt 0:00:19]} 19. Bd3 {[%emt 0:00:09]} Ne8 {[%emt 0:00:07]} 20. Re2 {[%emt 0:00:23]} Nd6 {[%emt 0:00:04]} 21. Rde1 {[%emt 0:00:02]} Nc4 {[%emt 0:00:10]} 22. Qc2 {[%emt 0:00:03]} b5 {[%emt 0:00:08]} 23. axb5 {[%emt 0:00:01]} axb5 {[%emt 0:00:01]} 24. Bg5 {[%emt 0:00:15]} Nd6 {[%emt 0:00:17]} 25. Bxg6 {[%emt 0:00:14]} fxg6 {[%emt 0:00:05]} 26. Qxg6 {[%emt 0:00:11]} Qf7 {[%emt 0:00:21]} 27. Rxe6 {[%emt 0:00:06]} Nf5 {[%emt 0:00:24]} 28. f3 {[%emt 0:00:44]} Qxg6 {[%emt 0:00:29]} 29. Rxg6 {[%emt 0:00:01]} Kf7 {[%emt 0:00:01]} 30. Rb6 {[%emt 0:00:02]} Rab8 {[%emt 0:00:09]} 31. Rxb8 {[%emt 0:00:01]} Rxb8 {[%emt 0:00:01]} 32. g4 {[%emt 0:00:01]} hxg4 {[%emt 0:00:02]} 33. fxg4 {[%emt 0:00:00]} Nh6 {[%emt 0:00:02]} 34. Bf4 {[%emt 0:00:06]} Ra8 {[%emt 0:00:05]} 35. g5 {[%emt 0:00:01]} Nf5 {[%emt 0:00:01]} 36. h5 {[%emt 0:00:01]} b4 {[%emt 0:00:01]} 37. g6+ {[%emt 0:00:02]} Kf8 {[%emt 0:00:02]} 38. Re6 {[%emt 0:00:02]} bxc3 {[%emt 0:00:01]} 39. bxc3 {[%emt 0:00:00]} Rc8 {[%emt 0:00:02]} 40. Bd2 {[%emt 0:00:02]} Re8 {[%emt 0:00:06]} 41. Rc6 {[%emt 0:00:02]} Re2 {[%emt 0:00:02]} 42. Bg5 {[%emt 0:00:01]} Ke8 {[%emt 0:00:03]} 43. Rc7 {[%emt 0:00:06]} Re4 {[%emt 0:00:02]} 44. Kf2 {[%emt 0:00:02]} Rg4 {[%emt 0:00:02]} 45. Bd2 {[%emt 0:00:02]} Rh4 {[%emt 0:00:01]} 46. Rf7 {[%emt 0:00:02]} Rxh5 {[%emt 0:00:03]} 47. Kf3 {[%emt 0:00:01]} Rh3+ {[%emt 0:00:04]} 48. Kg4 {[%emt 0:00:00]} Rd3 {[%emt 0:00:01]} 49. Bf4 {[%emt 0:00:02]} Nh6+ {[%emt 0:00:02]} 50. Bxh6 {[%emt 0:00:04]} Bxh6 {[%emt 0:00:01]} 51. Rh7 {[%emt 0:00:01]} Bf8 {[%emt 0:00:01]} 52. g7 {[%emt 0:00:01]} Bxg7 {[%emt 0:00:02]} 53. Rxg7 {[%emt 0:00:01]} Rxc3 {[%emt 0:00:01]} 54. Kf5 {[%emt 0:00:00]} Re3 {[%emt 0:00:03]} 55. Ra7 {[%emt 0:00:09]} Re4 {[%emt 0:00:02]} 56. Ra4 {[%emt 0:00:01]} Ke7 {[%emt 0:00:02]} 57. Ra5 {[%emt 0:00:03]} 1/2-1/2

[Event "11th LCC Super Blitz KO 2019"]
[Site "London"]
[Date "2019.12.08"]
[Round "1.3"]
[White "Turner, Matthew J"]
[Black "Praggnanandhaa R"]
[Result "1-0"]
[WhiteElo "2519"]
[BlackElo "2586"]
[Annotator "ChessBase"]
[PlyCount "95"]
[EventDate "2019.12.08"]
[EventType "k.o."]
[EventCountry "ENG"]
[SourceTitle "playchess.com"]
[Source "ChessBase"]
[SourceQuality "1"]
[TimeControl "180+2"]

1. d4 {[%emt 0:00:00]} Nf6 {[%emt 0:00:00]} 2. Nf3 {[%emt 0:00:00]} b6 {[%emt 0:00:00]} 3. g3 {[%emt 0:00:00]} Bb7 {[%emt 0:00:00]} 4. Bg2 c5 {[%emt 0:00:02]} 5. c3 {[%emt 0:00:00]} g6 {[%emt 0:00:00]} 6. O-O {[%emt 0:00:00]} Bg7 {[%emt 0:00:00]} 7. a4 {[%emt 0:00:00]} O-O {[%emt 0:00:00]} 8. a5 {[%emt 0:00:00]} d6 {[%emt 0:00:00]} 9. Na3 {[%emt 0:00:00]} Nbd7 {[%emt 0:00:00]} 10. Re1 {[%emt 0:00:00]} Bc6 {[%emt 0:00:00]} 11. Bf4 {[%emt 0:00:00]} b5 {[%emt 0:00:00]} 12. dxc5 {[%emt 0:00:00]} Nxc5 {[%emt 0:00:00]} 13. Nc2 {[%emt 0:00:00]} a6 {[%emt 0:00:03]} 14. Be3 {[%emt 0:00:00]} Qc7 {[%emt 0:00:06]} 15. Nb4 {[%emt 0:00:00]} Bb7 {[%emt 0:00:04]} 16. Nd4 {[%emt 0:00:00]} Bxg2 {[%emt 0:00:08]} 17. Kxg2 {[%emt 0:00:00]} Qb7+ {[%emt 0:00:08]} 18. f3 {[%emt 0:00:00]} Nd5 {[%emt 0:00:05]} 19. Nxd5 {[%emt 0:00:05]} Qxd5 {[%emt 0:00:04]} 20. Bf2 {[%emt 0:00:06]} Qb7 {[%emt 0:00:10]} 21. e4 {[%emt 0:00:08]} b4 {[%emt 0:00:11]} 22. c4 {[%emt 0:00:29]} b3 23. Rc1 {[%emt 0:00:12]} Qb4 {[%emt 0:00:27]} 24. Nc6 {[%emt 0:00:05]} Qb7 {[%emt 0:00:04]} 25. Nd4 {[%emt 0:00:05]} Qb4 {[%emt 0:00:03]} 26. e5 {[%emt 0:00:14]} dxe5 {[%emt 0:00:41]} 27. Nc6 {[%emt 0:00:04]} Qb7 {[%emt 0:00:03]} 28. Qd5 {[%emt 0:00:03]} Rac8 {[%emt 0:00:10]} 29. Nxe5 {[%emt 0:00:10]} Qxd5 {[%emt 0:00:03]} 30. cxd5 {[%emt 0:00:03]} Bxe5 {[%emt 0:00:07]} 31. Rxe5 {[%emt 0:00:04]} Nd3 {[%emt 0:00:03]} 32. Rxc8 {[%emt 0:00:04]} Rxc8 {[%emt 0:00:03]} 33. Rxe7 {[%emt 0:00:11]} Nxb2 {[%emt 0:00:02]} 34. d6 {[%emt 0:00:04]} Kf8 {[%emt 0:00:12]} 35. Rc7 {[%emt 0:00:09]} Rd8 {[%emt 0:00:05]} 36. Bc5 {[%emt 0:00:06]} Nd3 {[%emt 0:00:04]} 37. Ba3 {[%emt 0:00:06]} b2 {[%emt 0:00:06]} 38. Rb7 {[%emt 0:00:12]} Kg7 {[%emt 0:00:11]} 39. Kf1 {[%emt 0:00:06]} Kf6 {[%emt 0:00:03]} 40. Ke2 {[%emt 0:00:04]} Ne5 {[%emt 0:00:07]} 41. Bxb2 {[%emt 0:00:05]} Kf5 {[%emt 0:00:03]} 42. g4+ {[%emt 0:00:09]} Kf4 {[%emt 0:00:03]} 43. Rb4+ {[%emt 0:00:05]} Kg5 {[%emt 0:00:03]} 44. Bxe5 {[%emt 0:00:04]} Re8 {[%emt 0:00:02]} 45. f4+ {[%emt 0:00:04]} Kxg4 {[%emt 0:00:03]} 46. d7 {[%emt 0:00:02]} Rd8 47. Rd4 {[%emt 0:00:05]} Kf5 {[%emt 0:00:06]} 48. Bc7 {[%emt 0:00:03]} 1-0

[Event "11th LCC Super Blitz KO 2019"]
[Site "London"]
[Date "2019.12.08"]
[Round "1.3"]
[White "Petrov, Martin"]
[Black "Speelman, Jon S"]
[Result "0-1"]
[WhiteElo "2497"]
[BlackElo "2509"]
[Annotator "ChessBase"]
[PlyCount "84"]
[EventDate "2019.12.08"]
[EventType "k.o."]
[EventCountry "ENG"]
[SourceTitle "playchess.com"]
[Source "ChessBase"]
[SourceQuality "1"]
[TimeControl "180+2"]

1. e4 {[%emt 0:00:00]} e6 {[%emt 0:00:00]} 2. d4 {[%emt 0:00:00]} d5 {[%emt 0:00:00]} 3. Nd2 {[%emt 0:00:00]} c5 {[%emt 0:00:00]} 4. exd5 {[%emt 0:00:00]} Qxd5 {[%emt 0:00:00]} 5. Ngf3 {[%emt 0:00:00]} cxd4 {[%emt 0:00:00]} 6. Bc4 {[%emt 0:00:00]} Qd7 {[%emt 0:00:00]} 7. O-O {[%emt 0:00:00]} Nc6 {[%emt 0:00:00]} 8. Nb3 {[%emt 0:00:00]} Nf6 {[%emt 0:00:00]} 9. Qe2 {[%emt 0:00:00]} a6 {[%emt 0:00:00]} 10. a4 {[%emt 0:00:00]} Be7 {[%emt 0:00:00]} 11. Rd1 {[%emt 0:00:00]} O-O {[%emt 0:00:00]} 12. Nbxd4 {[%emt 0:00:00]} Nxd4 {[%emt 0:00:00]} 13. Rxd4 {[%emt 0:00:00]} Qe8 {[%emt 0:00:03]} 14. Ne5 {[%emt 0:00:00]} Nd7 {[%emt 0:00:15]} 15. Bf4 {[%emt 0:00:00]} Bf6 {[%emt 0:00:11]} 16. Rad1 {[%emt 0:00:00]} Nxe5 {[%emt 0:00:06]} 17. Bxe5 {[%emt 0:00:00]} Bxe5 {[%emt 0:00:05]} 18. Qxe5 {[%emt 0:00:00]} Qe7 {[%emt 0:00:04]} 19. Be2 {[%emt 0:00:00]} b6 {[%emt 0:00:15]} 20. Bf3 {[%emt 0:00:02]} Ra7 {[%emt 0:00:03]} 21. Rd6 {[%emt 0:00:10]} b5 {[%emt 0:00:06]} 22. a5 {[%emt 0:00:09]} Rc7 {[%emt 0:00:06]} 23. c3 {[%emt 0:00:11]} f6 {[%emt 0:00:07]} 24. Qe3 {[%emt 0:00:09]} e5 {[%emt 0:00:08]} 25. g3 {[%emt 0:00:09]} h6 {[%emt 0:00:15]} 26. Qb6 {[%emt 0:00:13]} e4 {[%emt 0:00:06]} 27. Bxe4 {[%emt 0:00:04]} Qxe4 {[%emt 0:00:03]} 28. Qxc7 {[%emt 0:00:06]} Bb7 {[%emt 0:00:03]} 29. Kf1 {[%emt 0:00:24]} Re8 {[%emt 0:00:03]} 30. Qxb7 {[%emt 0:00:44]} Qxb7 {[%emt 0:00:03]} 31. R6d5 {[%emt 0:00:02]} Re5 {[%emt 0:00:07]} 32. Rd8+ {[%emt 0:00:05]} Kh7 {[%emt 0:00:02]} 33. Kg1 {[%emt 0:00:04]} Qf3 {[%emt 0:00:04]} 34. R8d2 {[%emt 0:00:06]} Re2 {[%emt 0:00:03]} 35. Rxe2 {[%emt 0:00:03]} Qxe2 {[%emt 0:00:03]} 36. Rd6 {[%emt 0:00:02]} Qxb2 {[%emt 0:00:04]} 37. Rxa6 {[%emt 0:00:03]} Qxc3 {[%emt 0:00:03]} 38. Ra7 {[%emt 0:00:06]} b4 {[%emt 0:00:04]} 39. Rb7 {[%emt 0:00:04]} b3 {[%emt 0:00:03]} 40. a6 {[%emt 0:00:03]} b2 {[%emt 0:00:03]} 41. Kg2 {[%emt 0:00:06]} Qc2 {[%emt 0:00:03]} 42. a7 {[%emt 0:00:06]} Qe4+ {[%emt 0:00:03]} 0-1